| 000 | 00666nam a22002177a 4500 | ||
|---|---|---|---|
| 003 | URS | ||
| 005 | 20260414102423.0 | ||
| 008 | 260414b |||||||| |||| 00| 0 eng d | ||
| 020 | _a 9781935542810 | ||
| 040 | _cURS | ||
| 050 |
_aLC 4015 _b .M2225 2012 |
||
| 100 | _aMclaughlin, Margaret J | ||
| 245 |
_aThe School leader's guide to special education / _cMargaret J. Mclaughlin... [and one other.] |
||
| 250 | _aThird Edition.-- | ||
| 264 |
_aBloomington, IN : _bSolution Tree, _c©2012. |
||
| 300 |
_aix, 95 pages : _c28 cm. |
||
| 504 | _aIncludes bibliographical references. | ||
| 650 | _aSpecial education | ||
| 700 | _aRuedel, Kristin | ||
| 942 |
_2lcc _cFR |
||
| 999 |
_c99825 _d99822 |
||